Bilecik Bilecik Bilecik Bilecik Bilecik

Sosyo-ekonomik dönüşüm sürecinde belediyeler/ (Record no. 16883)

MARC details
000 -BAŞLIK
Sabit Uzunluktaki Kontrol Alanı 01239nam a22003977a 4500
001 - KONTROL NUMARASI
Control Dosyası 0016925
003 - KONTROL NUMARASI KİMLİĞİ
Kontrol Alanı KOHA_MİRAKIL
005 - EN SON İŞLEM TARİHİ ve ZAMANI
Kontrol Alanı 20260207002121.0
007 - FİZİKSEL TANIM SABİT ALAN - GENEL BİLGİ
Sabit uzunluklu kontrol alanı ta
008 - SABİT UZUNLUKTAKİ VERİ ÖGELERİ - GENEL BİLGİ
Sabit Alan 100504b2004 tu |||gr||||#||||0|tur |
020 ## - ISBN - ULUSLARARASI STANDART KİTAP NUMARASI
Isbn 9755915869
040 ## - KATALOGLAMA KAYNAĞI
Özgün Kataloglama Kurumu TR-BiSEU
Kataloglama Dili tur
Çeviri Kurumu TR-BiSEU
Açıklama Kuralları rda
041 0# - DİL KODU
Metin ya da ses kaydının dil kodu tur
044 ## - YAYINLAYAN/ÜRETEN KURULUŞUN ÜLKE KODU
ISO country code tu
050 ## - SINIFLAMA ve YER NUMARASI
Sınıflama Numarası JS6953.A2
Yer Numarası A93 2004
100 1# - KİŞİ ADI
Yazar Adı (Kişi adı) Aydınlı, Halil İbrahim.
245 1# - ESER ADI BİLDİRİMİ
Başlık Sosyo-ekonomik dönüşüm sürecinde belediyeler/
Sorumluluk Bildirimi Halil İbrahim Aydınlı ; Halil İbrahim Aydınlı.
264 #1 - ÜRERİM, YAYIN, DAĞITIM ve TELİF BİLDİRİMİ
Yayın yeri Ankara :
Yayınlayan Nobel
Yayın tarihi 2004
300 ## - FİZİKSEL TANIMLAMA
Sayfa, Cilt vb. 230 sayfa; 21 cm.
336 ## - İÇERİK TÜRÜ
Content type term metin
Content type code txt
Source rdacontent
337 ## - MEDYA TÜRÜ
Media type term aracısız
Media type code n
Source rdamedia
338 ## - TAŞIYICI TÜRÜ
Carrier type term cilt
Carrier type code nc
Source rdacarrier
490 0# - DİZİ BİLDİRİMİ
Dizi Bildirimi Nobel yayın no.
490 0# - DİZİ BİLDİRİMİ
Dizi Bildirimi 604.
490 0# - DİZİ BİLDİRİMİ
Dizi Bildirimi Hukuk, işletme, iktisat ve iletişim yayınları dizi no.
490 0# - DİZİ BİLDİRİMİ
Dizi Bildirimi 121.
500 ## - GENEL NOT
Genel Not Kaynakça var.
650 #0 - KONU BAŞLIĞI EK GİRİŞ - KONU TERİMİ
Konusal terim veya coğrafi ad Yerel yönetimler.
9 (RLIN) 36498
650 #0 - KONU BAŞLIĞI EK GİRİŞ - KONU TERİMİ
Konusal terim veya coğrafi ad Yerel Yönetim--Türkiye.
9 (RLIN) 9502
650 #0 - KONU BAŞLIĞI EK GİRİŞ - KONU TERİMİ
Konusal terim veya coğrafi ad Belediye İdare Teşkilatı--Türkiye.
9 (RLIN) 39204
830 0# - SERİ EK GİRİŞİ - TEKBİÇİM ESER ADI
Tekbiçim Başlık Nobel yayın no.
9 (RLIN) 1940
830 0# - SERİ EK GİRİŞİ - TEKBİÇİM ESER ADI
Tekbiçim Başlık 604.
9 (RLIN) 39205
830 0# - SERİ EK GİRİŞİ - TEKBİÇİM ESER ADI
Tekbiçim Başlık Hukuk, işletme, iktisat ve iletişim yayınları dizi no.
9 (RLIN) 39206
830 0# - SERİ EK GİRİŞİ - TEKBİÇİM ESER ADI
Tekbiçim Başlık 121.
9 (RLIN) 39207
942 ## - EK GİRİŞ ÖGELERİ (KOHA)
Source of classification or shelving scheme Library of Congress Classification
Koha item type Book
Holdings
Materyal Türü Kalıcı Konum Mevcut Konum Raf Yeri Sınıflandırma Kaynağı Edinim Bilgisi Ana Konular Alt Konular Yer Numarası Demirbaş Numarası Fatura Tarihi Maliyet, Alış Fiyatı Maliyet, Yenileme Fiyatı Geri Çekilme Durumu Kayıp Durumu Hasarlı Durumu Kredi için değil Kayıt Tarih Toplam Ödünçverme Son Görülme Tarihi Son Kontrol Tarihi Genel / Bağış Notu
Book Prof. Dr. Azmi Özcan Kütüphanesi Prof. Dr. Azmi Özcan Kütüphanesi Uluğbey Salonu Library of Congress Classification Bağış SİYASET BİLİMİ Yerel Yönetim, Belediye Yönetimi JS6953.A2 A93 2004 0016925 13/08/2010 8.00 8.00         04/05/2010   05/12/2024 05/12/2024 M.Ali Gökaçtı